| 000 | 00522nam a22001697a 4500 | ||
|---|---|---|---|
| 003 | OSt | ||
| 005 | 20221031194331.0 | ||
| 008 | 221006b |||||||| |||| 00| 0 eng d | ||
| 020 | _a0-9751726-3-8 | ||
| 040 | _cBiblioteca Lado V | ||
| 082 |
_a700.74 _bL989t |
||
| 100 |
_9211 _aLynn, Victoria _ecuradora |
||
| 245 |
_aTerrawarra Biennial 2006/ _bParallel lives: Australian painting today/ |
||
| 260 |
_c2006 _bTarraWarra Museum of Art |
||
| 300 |
_a56p. _c21x21cm |
||
| 942 |
_2ddc _c1 _h700.74 _iL989t _n0 |
||
| 999 |
_c2448 _d2448 |
||